000 00292nam a2200121Ia 4500
008 190216s9999||||xx |||||||||||||| ||und||
100 _aBruce H Mahan
245 0 _aCollege Chemistry
260 _bAddison-Wesley Pbl: Co:
_c1966
300 _a666p
650 _aChemistry-Chemistry
942 _cBK
999 _c1959
_d1959